[Event "Bundesliga 1213"]
[Site "Germany"]
[Date "2013.02.24"]
[Round "10.7"]
[White "Bluebaum, Matthias"]
[Black "Thesing, Matthias"]
[Result "1-0"]
[WhiteElo "2433"]
[BlackElo "2399"]
[Annotator "Bluebaum/Meyer,CD"]
[PlyCount "49"]
[EventDate "2012.10.20"]
[EventType "team-tourn"]
[EventRounds "15"]
[EventCountry "GER"]
[SourceTitle "CBM 153"]
[Source "ChessBase"]
[SourceDate "2013.03.14"]
[SourceVersion "1"]
[SourceVersionDate "2013.03.14"]
[SourceQuality "1"]
[WhiteTeam "Werder Bremen"]
[BlackTeam "Katernberg"]
[WhiteTeamCountry "GER"]
[BlackTeamCountry "GER"]

{Sein erster Sieg für Werder Bremen in der 1. Bundesliga gelang dem
15-jährigen IM Matthias Blübaum mit einer sehenswerten Kampfpartie, die auch
aus theoretischer Sicht bemerkenswert ist.} 1. d4 d5 2. c4 dxc4 3. e4 {Die
härteste Gangart gegen das Queen`s Gambit Accepted.} c5 $5 {Nach den eher
besseren 3...e5, 3...Nf6 und 3...Nc6 ist dies wohl die ebenso kampflustigste
wie zweischneidigste Entgegnung. Sie findet in den letzten Jahren immer
weniger Anhänger, zumal die Resultate unbefriedigend sind.} 4. d5 $1 Nf6 5. Nc3
b5 6. Bf4 $1 {eine wichtige Theorieempfehlung (MB)} Qa5 ({Die gebräuchliche
Alternative} 6... Ba6 7. e5 b4 8. exf6 bxc3 9. bxc3 gxf6 {, die lt. ECO nach 
(dem harmlosen)} 10. Bxc4 ({Chancenreicher und gehaltvoller wirkt dagegen} 10.
Nf3 $142 {, z. B.} Qa5 (10... e5 11. Be3 (11. dxe6 Qxd1+ 12. Rxd1 fxe6 13. Nd2
$14) 11... Qa5 (11... h5 12. g3 $14 Qa5 13. Rc1 Nd7 14. Nd2 h4 15. Qf3 O-O-O
16. Rb1 $1 Qxc3 $4 17. d6 $18) 12. Rc1 Nd7 13. Nd2 $14) 11. Nd2 Nd7 12. Qf3 Bg7
(12... Nb6 $143 13. Be2 Bg7 14. d6 O-O 15. dxe7 Rfe8 16. O-O f5 17. Rad1 Qxc3
18. Nxc4 $3) 13. d6 O-O 14. dxe7 Rfe8 15. Be2 Ne5 16. Bxe5 fxe5 17. O-O $14)
10... Bxc4 11. Qa4+ Nd7 12. Qxc4 Nb6 13. Qb5+ Qd7 14. Qxd7+ Kxd7 {etc. zum
Ausgleich führt, kann nicht überzeugen.}) 7. Bd2 $1 {ein notwendiger Rückzug 
(MB)} e5 $6 {Wird in der D4-ECO von Shirov noch mit "!?" bewertet.} ({
Vielleicht müssen Verfechter der schwarzen Spielweise auf die Alternativen} 
7... b4 8. e5 bxc3 (8... Nfd7 9. e6) (8... Ng4 9. e6) 9. Bxc3 Qa6 10. exf6 exf6
11. Nf3 (11. Qe2+) 11... Bd6) ({oder} 7... Nbd7 {zurückgreifen!? MB: Die
vorgenannten Alternativen sind wahrscheinlich zu bevorzugen, obwohl Weiß auch
dort eine angenehmere Stellung erreichen sollte.}) 8. dxe6 $1 ({MB: Der einzig
konsequente Zug, andernfalls erhält Schwarz bequemes Spiel.  CDM: Schwächere
Fortsetzungen: I} 8. f4 $6 Nbd7 9. Nf3 Bd6 10. a4 b4 11. Nb5 Bb8 12. Bxc4 $2 a6
$17 13. Na3 Qd8 14. d6 Bxd6 (14... bxa3) 15. Bxf7+ Kxf7 16. Nc4 Bb8 $2 (16...
Qe7 $142) 17. fxe5 $13 {1-0/24, Ivanisevic,I (2530) - Bakic,R (2470), Novi Sad
2000}) ({II} 8. Qc2 $6 Na6 (8... Ba6 $6 9. Nd1 Qb6 10. a4 b4 11. Bxc4 Bxc4 12.
Qxc4 Qa6 13. Qxa6 Nxa6 14. f3 $14 {1-0/41, Kuhn,G (2128) -Putzbach,G (2297),
Pinneberg 2008}) 9. a3 $6 (9. Nf3 $142) 9... Bd6 10. Nf3 Bd7 $13 {0-1/29,
Fegan,C - Turati,P (2392)/ICCF email 2000}) 8... Bxe6 $2 ({Shirovs alte
Empfehlung} 8... fxe6 {mag das geringere Übel sein:} 9. e5 Nfd7 10. Nf3 $44 {
lt. ECO/D4} ({Stärker erscheint mir hier jedoch} 10. Qg4 $1 {, z.B.} Qb6 (10...
Nxe5 $2 {scheitert an} 11. Qh5+ $1 Ng6 {mit der Pointe} 12. Qf3 {. Weiter kann
folgen:} Qc7 13. Nxb5 ({oder auch sehr scharf berechnet} 13. Qxa8 $5 Bb7 14.
Qxa7 Nc6 15. Qa3 Nd4 16. O-O-O b4 17. Qa7 Bd6 (17... bxc3 18. bxc3 Nc6 19. Qa4
Bd6 20. Qxc4) 18. Na4) 13... Qb7 14. Qxb7 Bxb7 15. Nc7+ Kd7 16. Nxa8 Bxa8 17.
Bc3 Bd5 18. O-O-O $16) 11. Nxb5 $1 (11. Nf3 $143 Nc6 $5 12. Qxe6+ Be7 13. Qg4
Ncxe5 14. Nxe5 Nxe5 15. Qe4 Qb8 16. f4 Ng6 17. Nxb5 O-O 18. Bxc4+ Kh8 19. O-O
Bb7 20. Qe2 Bf6 $44) 11... Nxe5 12. Qh5+ Ng6 13. Bxc4 Nd7 14. Bc3 Nf6 15. Bxf6
gxf6 16. Ne2 a6 17. Nbc3 $16 {und angesichts der geschwächten schwarzen
Bauernstruktur verdient die weiße Position eindeutig den Vorzug.})) ({MB:} 8...
fxe6 $5 {stellt Weiß in einer praktischen Partie vermutlich mehr Probleme:} 9.
e5 (9. Nd5 $6 {führt zu nichts:} Qd8 10. Nxf6+ Qxf6 $11) 9... Nfd7 10. Qg4 $1 (
10. Qf3 $2 {funktioniert hier nicht wegen} Qb6 $1 11. a4 (11. Qxa8 $4 Bb7)
11... Bb7 $15) 10... Qb6 (10... Nxe5 11. Qh5+ Ng6 12. Qf3 $18) 11. Nf3 $14) 9.
e5 {MB: !, nun folgt eine Reihe von beiderseits forcierten Zügen.} Nfd7 10. Qf3
$1 Nb6 11. a4 $1 b4 12. Nb5 {Energisch und forciert von Werders Jungtalent
vorgetragen. Der Verteidiger "hängt bereits angeschlagen in den Seilen".} Na6
$2 {Danach geht es zwingend bergab!} ({Die Computerempfehlung} 12... c3 $5 {
ist etwas besser:} 13. bxc3 Na6 14. Qb7 $1 (14. Bc4 Nxc4 (14... Bxc4 15. Qc6+
Ke7 16. Nd6 (16. Bg5+ $4 f6 17. exf6+ Kf7 $13) 16... Bd5 17. Nf5+ Kd8 18. Bg5+
f6 19. exf6 Bxc6 20. fxg7+ Kc7 21. gxh8=Q Re8+ 22. Ne2 b3 23. O-O $18) 15. Qc6+
Bd7 16. Qxa8+ Qd8 17. Qxd8+ Kxd8 18. Nf3 $16) 14... Bc8 15. Qe4 Be6 16. Nf3 Bd5
17. Qe3 ({oder auch} 17. cxb4 Qxb4 18. Qe2 Qe4 19. Qxe4 Bxe4 20. a5 Nd7 21. Bc3
$16) 17... c4 18. Nd6+ Kd7 19. Be2 b3 20. Nd4 Bxd6 21. exd6 Rae8 22. Qg5 $16 {
- indes besitzt Weiß hier ebenfalls prächtige Angriffschancen.}) 13. Bxc4 $1 {
Bis zu diesem vorentscheidenden Ablenkungsopfer hat es alles schon gegeben -
siehe nachstehende Partie ! MB: Der einzige Weg zu klarem Vorteil für Weiß.
Das Figurenopfer basiert hauptsächlich auf der schlechten Damenstellung des
Schwarzen und darauf, dass der Nb6 den Ra8 gedeckt halten muss.} Bxc4 ({Oder: I
} 13... Nxc4 14. Qxa8+ Qd8 15. Qxd8+ Kxd8 16. O-O-O Kc8 17. Nf3 $18) ({II Als
Ablehnung folgte} 13... Be7 14. Bxe6 fxe6 15. Qc6+ Kf7 16. Qf3+ Ke8 17. Nh3 $40
{+- sowie} Nd5 18. Nf4 (18. Ng5) 18... Rf8 19. Qe4 Qb6 20. Nxd5 (20. Nd6+ $142
Bxd6 21. Nxe6) 20... exd5 21. Qxd5 Rd8 22. Qe4 {und Weiß verdarb später seine
Gewinnstellung in der Partie Becker,M (2110) - Jacob,G (1990), Hiddenhausen
1996, remis/52}) 14. Qc6+ {Das war eine Kernidee: Nun kann der weißfeldrige
schwarze Läufer nicht auf d7 dazwischenziehen und der König gerät ins
Angriffsfeuer.} Ke7 ({I} 14... Nd7 15. Qxa8+ Nab8 16. Qb7 $18) ({II MB} 14...
Kd8 15. Bg5+ Be7 16. O-O-O+ $18) 15. Qd6+ ({Alternativen: I Am Brett nicht
vorauszuberechnen, zwar ebenfalls interessant, aber letztendlich schwächer als
der Partiezug ist} 15. Bg5+ $5 f6 16. exf6+ Kf7 {und nun?} 17. Qb7+ $1 Kg8 (
17... Kg6 $2 18. Qe4+ $1 {und der Wanderkönig stirbt auf offenem Felde,
während seine Dame ohnmächtig im Abseits steht} Kf7 (18... Kxg5 19. Nf3+ Kxf6 (
19... Kh6 20. Qf4+ Kg6 21. Ne5+ Kh5 22. Qg4+ Kh6 23. Qh4#) 20. Qf4+ Ke7 21.
O-O-O $18) 19. fxg7 $1 Kxg7 (19... b3+ 20. Bd2) (19... Re8 20. gxh8=N+) 20. Nf3
$18 Kg8 (20... Bf7 21. Bf6+ $1 Kg8 (21... Kxf6 22. Qe5+ Kg6 23. Qg5#) 22. Qg4+
(22. O-O $18) 22... Bg6 23. Ne5 Re8 24. O-O $18) (20... h6 21. Ne5 $18) 21. Bf6
Bf7 22. Qg4+ Bg6 23. Ne5 Re8 24. O-O $18 {wie gehabt}) 18. Nd6 $8 {!} gxf6 19.
Nxc4 Nxc4 (19... Re8+ $143 20. Be3 Nxc4 21. Qd5+ Kg7 22. Qd7+ $1 Re7 23. Qg4+
Kf7 24. Qxc4+ Re6 25. b3 $16) 20. Qxa8 Nc7 (20... b3+ $143 21. Kf1) 21. Qd8
fxg5 22. b3 $1 Ne5 23. Qxg5+ Ng6 24. h4 Qa6 25. Rd1 (25. h5 Ne6 26. Qg4 (26.
Qg3 Nef4 27. O-O-O Qf6 28. hxg6 hxg6 29. Rxh8+ Kxh8) 26... Bg7 27. O-O-O Ne5
$13) 25... Qe6+ 26. Ne2 Be7 27. Qg3 Nd5 28. O-O $14 {mit andauernden
Komplikationen}) ({II} 15. Nd6 $142 $1 {mit der Doppeldrohung 16.Nf5+ nebst
Bg5+ und 16.Nxc4 hebt die Verteidigung aus den Angeln:} Bd5 (15... Be6 16. Bg5+
(16. Nb7 $4 Bd5) 16... f6 17. Bxf6+ gxf6 18. Nb7 $18) 16. Nf5+ Kd8 17. Bg5+ f6
18. exf6 b3+ (18... Bxc6 19. fxg7+ Kc7 20. gxh8=Q $18 {, z.B.} Re8+ 21. Ne2 b3+
22. Kf1 Nxa4 23. Qxh7+ Kb8 24. Qf7 Qb5 25. Ne3) 19. Kf1 Qd2 (19... Bxc6 20.
fxg7+ Kc7 21. gxh8=Q {MB: Trotz des großen weißen Materialvorteils und dem
schwachen schwarzen König war mir diese Stellung nicht so klar. Objektiv
gesehen sollte sich der Materialvorteil langfristig durchsetzen, jedoch ist
dies in einer praktischen Partie nicht so einfach, da auch der weiße König
nicht mehr zur Rochade kommt.} {CDM: Bei der häuslichen Analyse und mit
Computerhilfe indes stellt sich die Chose ziemlich klar dar. Man sehe z.B.:}
Re8 (21... Bb5+ 22. Ne2 Re8 23. Qxh7+ Kb8 24. Ne3 $18) (21... c4 22. Qxh7+ Bd7
23. Nd4 $1 Re8 (23... Qxg5 $4 24. Ne6+) 24. h4 $18) 22. Qxh7+ Kb8 23. Nf3 $18)
20. Qxa8+ Bxa8 21. Bxd2 gxf6 22. f3 $18 (22. Ne2 $18)) 15... Ke8 16. Qc6+ Ke7 {
MB: Nun stand ich vor einer schwierigen Entscheidung. Nachdem ich recht
schnell gesehen habe, dass das sofortige Bb5+ zu nichts führt, mußte ich mich
zwischen Nd6 und Nf3 entscheiden, denn alle anderen Züge bringen Weiß nicht
weiter, da Schwarz Bd5 droht.} 17. Nf3 $2 ({Schade!} 17. Nd6 $142 $1 {, wie
vorher gezeigt (+-), hätte die schöne Angriffsleistung gekrönt. MB: Objektiv
gesehen die falsche Entscheidung. Ich konnte in der Partie jedoch die nach Nd6
entstehende Situation nicht richtig einschätzen.}) 17... f6 $2 ({I In
verständlicher Absicht, das Feld g5 unzugänglich zu machen, revanchiert sich
Schwarz mit einem schweren Fehler. Nach} 17... h6 {, was denselben Zweck
verfolgt, wäre Weiß hingegen schon zur Stellungswiederholung genötigt gewesen:}
18. Qd6+ (18. Qb7+ Ke8 19. Qc6+ Ke7 20. Qb7+ $11) (18. Nd6 $4 Bd5 19. Nf5+ Kd8
$19 20. Rd1 Bxc6 21. Bxb4+ Kc7 22. Bxa5 Re8) 18... Ke8 19. Qc6+ Ke7 20. Qd6+
$11) ({II MB:} 17... Bd5 {funktioniert nun nicht wegen} 18. Bg5+ f6 19. exf6+
Kf7 {und dem hübschen Matt} ({CDM:} 19... gxf6 20. Qxf6+ Kd7 (20... Ke8 21.
O-O-O $18) 21. Ne5+ Kc8 22. Qxh8 $18) 20. Ne5+ Kg8 21. Qxd5+ Nxd5 22. f7#) 18.
exf6+ {Nun jedoch wird die e-Linie geöffnet und Schwarz fällt dem
Königsangriff zum Opfer.} gxf6 19. Qb7+ $1 Nd7 ({Andere Untergänge: I} 19...
Ke6 20. O-O-O $18 Nd7 21. Rhe1+ Ne5 22. Rxe5+ fxe5 23. Qc6+ Kf7 24. Qd7+ Kf6
25. Bg5+ Kg6 26. Nd6 {nebst Mattsetzung}) ({II} 19... Ke8 20. O-O-O Be7 21.
Rhe1 $18 Nd7 22. Nd6+ Kd8 23. Qxa8+ Nab8 (23... Kc7 24. Qb7+ Kxd6 (24... Kd8
25. Qc8#) 25. Bf4#) 24. Nb7+ {mit Familienschach und Damengewinn}) 20. Qe4+ $1
{MB: Die letzte Feinheit: Der Läufer auf c4 wird angegriffen und muß so die
Bedrohung des Springers b5 aufgeben.} ({MB:} 20. Qxa8 $6 {wäre wegen} Bxb5 $16
{zu voreilig.}) 20... Be6 21. Qxa8 $18 {MB: Der Rest ist spielend leicht für
Weiß.} Bg7 22. Qe4 Qb6 23. O-O Nab8 24. Rfe1 Nf8 25. Bf4 {- Schwarz gab auf.
Eine aus theoretischer und praktischer Sicht bemerkenswerte Partie.} 1-0

[Event "Arosa SKA op"]
[Site "Arosa"]
[Date "1996.07.13"]
[Round "3"]
[White "Gruenenwald, Joerg"]
[Black "Siegel, Georg"]
[Result "0-1"]
[WhiteElo "2305"]
[BlackElo "2475"]
[Annotator "Bulletin"]
[PlyCount "74"]
[EventDate "1996.07.11"]
[EventType "swiss"]
[EventRounds "9"]
[EventCountry "SUI"]
[SourceTitle "EXT 2006"]
[Source "ChessBase"]
[SourceDate "2005.11.24"]
[SourceVersion "1"]
[SourceVersionDate "2005.11.24"]
[SourceQuality "1"]

1. d4 d5 2. c4 dxc4 3. e4 Nf6 4. Nc3 e5 5. Nf3 exd4 6. Qxd4 Qxd4 7. Nxd4 Bc5 8.
Ndb5 Na6 9. Bf4 Be6 10. Bxc7 O-O 11. Bd6 Rfd8 12. Rd1 Ng4 13. Bxc5 Rxd1+ 14.
Nxd1 Nxc5 15. f3 Ne5 16. Be2 Rd8 17. Kf2 a6 18. Na3 b5 19. Ke3 Ned3 20. Bxd3
Rxd3+ 21. Ke2 b4 22. Nb1 Nxe4 $1 23. Ne3 (23. fxe4 Bg4+ {nebst Rxd1}) 23... Nd6
24. Rc1 Rd4 25. Nc2 Rd5 26. Rd1 Rxd1 27. Kxd1 a5 28. a3 Bf5 29. axb4 axb4 30.
Nd2 Bxc2+ 31. Kxc2 Kf8 32. b3 c3 33. Nf1 Nf5 34. Kd3 Ke8 35. g4 Nd4 36. Ne3
Nxb3 37. Nc2 Nc5+ 0-1

[Event "Budapest FS05 GM"]
[Site "Budapest"]
[Date "1995.??.??"]
[Round "9"]
[White "Rogozenco, Dorian"]
[Black "Oblitas Guerrero, Carlomagno"]
[Result "0-1"]
[WhiteElo "2440"]
[BlackElo "2440"]
[Annotator "Bulletin"]
[PlyCount "148"]
[EventDate "1995.05.??"]
[EventType "tourn"]
[EventRounds "11"]
[EventCountry "HUN"]
[EventCategory "9"]
[SourceTitle "CBM 047 Extra"]
[Source "ChessBase"]
[SourceDate "1995.09.01"]
[SourceVersion "1"]
[SourceVersionDate "1995.09.01"]
[SourceQuality "1"]

1. d4 d5 2. c4 dxc4 3. e3 e5 4. dxe5 Qxd1+ 5. Kxd1 Nc6 6. Nd2 c3 7. bxc3 Nxe5
8. Nc4 Nxc4 9. Bxc4 Nf6 10. f3 Nd7 11. Kc2 c6 12. Ne2 b5 13. Bd3 Nc5 14. Rd1
Bd7 15. e4 Nxd3 16. Rxd3 Bc5 17. Nd4 Bb6 18. Nb3 O-O-O 19. Be3 Be6 20. Rxd8+
Rxd8 21. Bxb6 axb6 22. Nd4 Bd7 23. a3 c5 24. Nb3 Be6 25. Nd2 Kc7 26. f4 Bd7 27.
g3 Bc6 28. g4 f6 29. Re1 Re8 30. h4 Bd7 31. g5 Rf8 32. gxf6 Rxf6 33. f5 g6 34.
fxg6 Rxg6 35. e5 Bf5+ 36. Kc1 Rg3 37. Rf1 Rxc3+ 38. Kb2 Rc2+ 39. Kb3 c4+ 40.
Kb4 Bg6 41. h5 Rxd2 42. hxg6 Rb2+ 43. Kc3 Rb3+ 44. Kd4 Rd3+ 45. Ke4 hxg6 46.
Rf7+ Kc6 47. Ra7 Rd1 48. Ra8 b4 49. axb4 Kb5 50. Ra2 c3 51. e6 Re1+ 52. Kd3
Rxe6 53. Kxc3 Re3+ 54. Kd4 Rg3 55. Rf2 Kxb4 56. Rb2+ Ka5 57. Ra2+ Kb5 58. Rb2+
Kc6 59. Rc2+ Kb7 60. Rf2 Rg1 61. Kc4 g5 62. Kb5 Rb1+ 63. Kc4 Rc1+ 64. Kd5 g4
65. Rg2 Rc5+ 66. Ke6 Rc4 67. Kd5 b5 68. Rg3 Kb6 69. Rg1 Rc5+ 70. Ke6 b4 71.
Rxg4 $19 Kb5 (71... b3 $1) 72. Rg8 b3 73. Rb8+ Kc4 74. Kd6 Rb5 0-1

[Event "Oberliga Bayern 9495"]
[Site "Bayern"]
[Date "1995.??.??"]
[Round "?.2"]
[White "Haag, Wolfgang"]
[Black "Bus, Mariusz"]
[Result "0-1"]
[WhiteElo "2345"]
[BlackElo "2385"]
[Annotator "Bulletin"]
[PlyCount "112"]
[EventDate "1994.10.09"]
[EventType "team-tourn"]
[EventRounds "9"]
[EventCountry "GER"]
[SourceTitle "EXT 1999"]
[Source "ChessBase"]
[SourceDate "1998.11.16"]
[SourceVersion "1"]
[SourceVersionDate "1998.11.16"]
[SourceQuality "1"]
[WhiteTeam "Marktheidenfeld TV"]
[BlackTeam "Hof SK"]
[WhiteTeamCountry "GER"]
[BlackTeamCountry "GER"]

1. d4 d5 2. c4 dxc4 3. e4 c5 4. d5 Nf6 5. Nc3 e6 6. Bxc4 exd5 7. Nxd5 Nxd5 8.
Bxd5 Be7 9. Ne2 O-O 10. O-O Na6 11. Bf4 Qb6 12. Qb3 Nb4 13. Bc4 Be6 14. Rfd1
Bxc4 15. Qxc4 Rad8 16. Nc3 Rd4 17. Rxd4 cxd4 18. Nb5 Qc5 19. Rc1 Qxc4 20. Rxc4
d3 21. a3 (21. Rc7 $1 Re8 22. Rxb7 $16) 21... Nc6 22. Nd4 Ne5 23. Rc1 Bf6 24.
Be3 Rd8 25. b3 Ng4 $17 26. Nf5 g6 27. Nh6+ Nxh6 28. Bxh6 Bb2 29. Rd1 Bxa3 30.
Kf1 f6 31. Be3 a6 32. f3 Kf7 33. Ke1 Ke6 34. Kd2 Bb4+ 35. Kc1 b5 (35... Rc8+
36. Kb1 Rc3 37. Kb2 Rc2+) 36. Bd2 Bd6 37. g3 Rc8+ 38. Kb1 Rc2 39. f4 Bc5 40.
Ba5 Rxh2 41. Rxd3 Re2 42. Rc3 Kd6 43. Bd8 Rxe4 44. Bxf6 Re3 45. Kc2 h5 46. Rd3+
Rxd3 47. Kxd3 Kd5 48. Bd8 Bf2 $19 49. Bh4 a5 50. Ke2 Bc5 51. Kd3 a4 52. Bf6 Bf2
53. bxa4 bxa4 54. Bh4 a3 55. Kc3 Ke4 56. Kb3 Kf3 0-1

[Event "BCF-ch 82nd"]
[Site "Swansea"]
[Date "1995.??.??"]
[Round "6"]
[White "Ward, Christopher"]
[Black "Sadler, Matthew D"]
[Result "1-0"]
[WhiteElo "2500"]
[BlackElo "2575"]
[Annotator "Bulletin"]
[PlyCount "95"]
[EventDate "1995.08.??"]
[EventType "swiss"]
[EventRounds "11"]
[EventCountry "WLS"]
[SourceTitle "EXT 1997"]
[Source "ChessBase"]
[SourceDate "1996.11.15"]
[SourceVersion "1"]
[SourceVersionDate "1996.11.15"]
[SourceQuality "1"]

1. d4 d5 2. c4 dxc4 3. e4 Nc6 4. Nf3 Bg4 5. Bxc4 e6 6. d5 exd5 7. Bxd5 Qd7 {
Amazingly this move is new, Sadler had played 7..Nf6 against Jon Speelman at
Hastings in 1992 and said after the game that Speelman had suggested this very
sensible move. Ward said he had looked at it with Fritz 3(!) who reckoned it e}
8. Qb3 O-O-O 9. O-O Bxf3 10. Qxf3 Nf6 11. Bxc6 Qxc6 12. Bg5 Re8 13. Nc3 Bb4 14.
Rac1 Nxe4 15. Nxe4 Qxe4 16. Qxf7 Bd6 17. Rc4 Qe2 18. Bf4 Bxf4 19. Qxf4 Re7 20.
Qf5+ Kb8 21. Rc2 Qe6 22. Qxe6 Rxe6 23. Rd1 Rhe8 24. f4 c6 25. Rd7 R6e7 26. Rxe7
Rxe7 {Of course this is a draw but Matthew tries too hard and loses} 27. Kf2
Kc7 28. g4 b5 {A slight innacuracy because the king is tied down to c6 now,
better 28..Kd6} 29. f5 Re4 $6 30. Kf3 Rd4 {Hoping to tie the white king down
and activate his own pawns but...} 31. g5 $1 a5 32. Ke3 Rh4 33. Rd2 {[#]A well
placed rook, it cuts off the black king from the white pawns, defends h2, and
is perfectly placed to go behind the passed pawn. In contrast the black rook
is up a gum tree} Rh3+ 34. Ke4 Rh4+ 35. Ke3 Rh3+ 36. Kf4 Rh4+ 37. Kg3 Re4 38.
f6 gxf6 39. gxf6 {Threat 40.f7} Re6 (39... Re8 40. Kf4 Rd8 41. Rxd8 Kxd8 42.
Ke5 {Is similar to the game}) 40. Rf2 Re8 41. Kg4 Kd7 42. Rd2+ {Because the
king and pawn endgames are winning for white the black king is cut off from
the white pawn but since just waiting is hopeless Black tries his only chance}
Ke6 43. Re2+ Kf7 44. Rxe8 Kxe8 45. Kf5 a4 46. Ke6 c5 (46... a3 47. b4 c5 48.
bxc5 b4 49. c6 b3 50. f7+ Kf8 51. c7) 47. Kd5 c4 48. a3 {Absolutely not 48.
Kc5?? a3!} 1-0

[Event "World Cup"]
[Site "Skelleftea"]
[Date "1989.08.??"]
[Round "3"]
[White "Kasparov, Garry"]
[Black "Huebner, Robert"]
[Result "1/2-1/2"]
[WhiteElo "2775"]
[BlackElo "2605"]
[Annotator "Bulletin"]
[PlyCount "120"]
[EventDate "1989.08.??"]
[EventType "tourn"]
[EventRounds "15"]
[EventCountry "SWE"]
[EventCategory "16"]
[SourceTitle "CBM 014"]
[Source "ChessBase"]
[SourceDate "1990.02.01"]
[SourceVersion "1"]
[SourceVersionDate "1990.02.01"]
[SourceQuality "1"]

1. d4 d5 2. c4 dxc4 3. e4 e5 4. Nf3 exd4 5. Bxc4 Bb4+ 6. Nbd2 Nc6 7. O-O Nf6 8.
e5 Nd5 9. Nb3 Nb6 10. Bg5 Be7 11. Bxe7 Qxe7 {'?!' Bulletin.} (11... Nxe7 $6 12.
Bd3 Bf5 13. Nfxd4 Bxd3 14. Qxd3 O-O 15. Rad1 Qd5 16. Qe2 Nc6 $14 {Nikolic,
Pr-Huebner,R/Barcelona Wcup/1989/0-1/ CBM12/S.67} (16... Qc4 $2 17. Qxc4 Nxc4
18. Rc1 $16 {Beliabvsky,A-Tal,M/Reykjavik WCup/1988/1-0/ CBM10/S.64; CBM12/S.67
})) 12. Bb5 {'!' Bulletin.} Bd7 13. Bxc6 Bxc6 14. Nfxd4 Bd5 15. Qg4 g6 (15...
O-O 16. f4 Bxb3 17. Nf5 Qc5+ 18. Kh1 g6 19. axb3 Nd5 $13 {Analyse Beliavsky,A;
Inf.46/507}) 16. Rfe1 {'!' Bulletin.} O-O 17. Nf5 Qd7 18. Nh6+ Kg7 19. Qg5 {
'+/-!' Bulletin.} f6 20. exf6+ Rxf6 21. Re7+ {'!?' Bulletin.} (21. Nd4 $1 $18
Bf7 22. Rad1) (21. Ng4 $2 Rf5 $1 $10) 21... Qxe7 22. Nf5+ Rxf5 23. Qxe7+ Rf7
24. Qe5+ Kg8 25. Nc5 c6 26. b3 {'?' Bulletin. Bulletin: '>= 26.Ne4!+-'} Nd7 {
'+/=!' Bulletin.} 27. Nxd7 Rxd7 28. Rd1 a5 29. h4 Rf7 30. Rd4 {'?!' Bulletin.}
Rf5 {'!' Bulletin.} 31. Qe1 b5 32. Rd3 a4 33. Re3 axb3 34. axb3 Raf8 35. f3 h5
36. Kh2 R5f6 37. Kg3 Rf5 38. Qd2 Kg7 39. b4 R5f7 40. Qd4+ Kg8 41. Qb6 Kg7 42.
Kf2 Kh7 43. Kg3 Kg7 44. Qd4+ Kg8 45. Ra3 Kh7 46. Ra6 Kg8 47. Rb6 Kh7 48. Kh2
Rf4 49. Qe3 R4f7 50. Qc3 Rf4 51. Kg3 R4f7 52. Ra6 Rf5 53. Ra1 R5f7 54. Re1 Rf5
55. Re3 R5f7 56. Qc5 Kg7 57. Kf2 Rf5 58. Qd4+ Kh7 59. Re7+ R5f7 60. Re5 Rf5
1/2-1/2

[Event "Morelia/Linares 23rd"]
[Site "Morelia/Linares"]
[Date "2006.03.10"]
[Round "13"]
[White "Aronian, Levon"]
[Black "Bacrot, Etienne"]
[Result "1/2-1/2"]
[WhiteElo "2752"]
[BlackElo "2717"]
[Annotator "CB"]
[PlyCount "76"]
[EventDate "2006.02.18"]
[EventType "tourn"]
[EventRounds "14"]
[EventCountry "ESP"]
[EventCategory "20"]
[SourceTitle "CBM 112"]
[Source "ChessBase"]
[SourceDate "2006.06.07"]
[SourceVersion "1"]
[SourceVersionDate "2006.06.07"]
[SourceQuality "1"]

1. d4 d5 2. c4 dxc4 3. e4 {Aronian seems to have built up an aggressive
repertoire with White especially for this tournament. Previously, he had never
played this move, just as he had not played the Slav Gambit until the game
against Vallejo.} e5 {This is a new guest in Bacrot's games, too.} 4. Nf3 Bb4+
5. Bd2 Bxd2+ 6. Nbxd2 exd4 7. Bxc4 Nc6 8. O-O Qf6 9. b4 Nge7 10. b5 Ne5 ({
This is a novelty. A slightly older game between two experts continued} 10...
Nd8 11. e5 Qg6 12. Nxd4 Ne6 13. N2b3 Nxd4 14. Nxd4 Bg4 15. Qb3 Rd8 {and Black
had sufficient counterplay, Dreev-Rublevsky, St Petersburg 1999}) 11. Nxe5 Qxe5
12. f4 Qd6 13. f5 Bd7 14. Nf3 f6 15. Qxd4 Qxd4+ 16. Nxd4 O-O-O 17. Be6 {
#It is interesting to follow the way in which White will maintain the
occupation of this square for a very long time, in spite of the radical
modification of the structure.} Kb8 18. Bxd7 Rxd7 19. Ne6 Nc8 20. e5 fxe5 21.
Rae1 Nd6 22. Rxe5 Re7 23. g4 h5 {#} 24. g5 ({This unnecessarily weakens the
f5-square.} 24. h3 {looks like a better way to maintain the domination.}) 24...
Rhe8 {Now, the threat ...Nxf5 forces White to extreme measures.} 25. f6 gxf6
26. Rxf6 Nxb5 27. Rxb5 Rxe6 28. Rxe6 Rxe6 29. Kg2 {#In spite of his extra-pawn,
it is Black who has to be carefull. White's piece activity and the dangerous
passed pawn offer him at least adequate compensation.} Kc8 30. Kg3 Re4 31. h3
Kd7 32. Rxb7 Ra4 33. a3 Ke6 34. Rb4 Rxa3+ 35. Kh4 Kf7 36. Rc4 a5 37. Rxc7+ Kg6
38. Rc6+ Kg7 1/2-1/2